02428nam a2200433 uc450000100070000000500170000700800410002403500110006504000130007604100080008908000080009710000350010524501320014026000660027230000320033850501580037050500240052850500230055250500330057550501380060850500430074650501030078950500990089250500560099150500850104750500930113250500550122550500850128050501100136550501280147565000490160365000380165265000580169070000390174871000540178794200090184199900190185095201250186964791720260506090327.0010220s1879 spa  a647917 ccomduadb aspa aFM/10aPaez, Jacobo4auteaut952013910aDiscurso pronunciado por el senor Doctor Jacobo Paez en la sesion solemne de la Sociedad de San Vicente de Paul de Chiquinquira aChiquinquira ( Colombia ) :bImprenta de Luis Fajardo,c1879. a12p. (Documento 1 de FM/27)80tInstruccion pastoral que el Illmo Sr. Dr. Juan H. Boset obispo de Merida dirije su clero con ocasion de haber terminado la primera visita de la diosesis80tSofismas economicos80tEl cura, el pueblo80tBiografia del Jeneral Acosta80tLas cartas cruzadas entre el senor Manuel Murillo Toro i el Jenral Jose Hilario Lopez; i la replica del sr. Jose Maria Torres Caicedo80tDiscursos sobre la felicidad i el amor80tSantander ante la historia o sea apuntamientos para las memorias sobre colombia y la nueva granada80tDiscurso pronunciado en la sesion solemne de la sociedad de caridad el dia 31 de maya de 187480tInstrucciones populares acerca del matrimonio civil80tDiscurso pronunciado el 20 de julio de 1874 en la iglesia catedral metropolitana80tInstruccion pastoral acerca de la predicacion y de la ensenanza de la doctrina cristiana80tConferencia de San Vicente de Paul en chiquinquira80tLa politica exaltada o burla o las exaltaciones de partido en la guerra de 1876.80tHoja o resena de los servicios militares presentados por Felipe Morillo Bermudez al gobierno de su patria80tOracion funebre del ilustricimo Senor Vicente Abelaez, Obispo de Bogota pronunciada por el presb... el 11 de agosto de 1884 aSociedades de beneficencia - Colombia912498 aPáez, Jacobo - Discursos972514 aSociedad de San Vicente de Paul (Chiquinquira)97436510aFajardo N., Juan4auteaut934883820aSociedad de San Vicente de Paul4auteaut9824557 cBOOK c190858d190858 001040708PAT. DOCUMaBCbBCd2001-02-20iC670456l0oFM 27p61000003764004r2023-04-23 00:00:00t1w2023-04-23yBOOKI